| 000 | 00681nam a2200241Ia 4500 | ||
|---|---|---|---|
| 001 | 18516 | ||
| 003 | GE_BSU | ||
| 008 | 181216s||||||||xx |||||||||||||| ||und|| | ||
| 020 | _a9068568516 | ||
| 040 | _cGE_BSU | ||
| 080 | _a339.9(075.8)+338(100) | ||
| 245 | _aМеждународная экономика | ||
| 245 | _bУчебник | ||
| 245 | _cПод ред.:Ю.Г. Козака;Т.Х.Шенгелия | ||
| 260 | _aТбилиси-Киев | ||
| 260 | _c2011 | ||
| 300 | _a576стр.20см. | ||
| 300 | _eБиогр.:стр.572-576 | ||
| 541 | _h24л.70т. | ||
| 653 | _aМеждународная экономика | ||
| 653 | _aЭкономика | ||
| 942 | _cBK | ||
| 999 |
_c51527 _d51527 |
||